Hodnotenie dopadu poskytnutej investičnej pomoci na vybranú lokalitu diplomová práca

Na minha lista:
Detalhes bibliográficos
Autor principal: Kraľovanský, Jakub
Autor Corporativo: Obchodná fakulta EU. Katedra medzinárodného obchodu
Outros Autores: Krajčíková, Andrea
Formato: Livro
Idioma:eslovaco
Publicado em: Bratislava 2017
Tags: Adicionar Tag
Sem tags, seja o primeiro a adicionar uma tag!

MARC

LEADER 00000nbm a2200000 4500
001 0230744
005 20180830101238.2
041 0 |a slo 
044 |a SK 
245 1 0 |a Hodnotenie dopadu poskytnutej investičnej pomoci na vybranú lokalitu  |b diplomová práca  |c Jakub Kraľovanský ; školiteľ: Andrea Krajčíková 
264 1 |a Bratislava  |c 2017 
300 |a 66 s. 
100 1 |a Kraľovanský, Jakub 
700 1 |a Krajčíková, Andrea 
710 2 |a Obchodná fakulta EU. Katedra medzinárodného obchodu